Normal view
MARC view
Entry Término temático
001 - NÚMERO DE CONTROL
- campo de control: 22237
003 - IDENTIFICADOR DEL NÚMERO DE CONTROL
- campo de control: FranzMayer
005 - FECHA Y HORA DE LA ÚLTIMA TRANSACCIÓN
- campo de control: 20190320210453.0
008 - DATOS DE LONGITUD FIJA
- campo de control de longitud fija: 190320|| aca||aabn | a|a d
040 ## - FUENTE DE LA CATALOGACIÓN
- Centro catalogador/agencia de origen: FranzMayer
- Centro/agencia transcriptor: FranzMayer
150 ## - ENCABEZAMIENTO--TÉRMINO DE MATERIA
- Término de materia o nombre geográfico como elemento de entrada: Cuaresma
- Subdivisión general: Sermones
- Subdivisión cronológica: Obras anteriores a 1800
670 ## - FUENTE DE DATOS ENCONTRADOS
- Cita de la fuente: Work cat.: (FranzMayer): Barzi y Zambrana, Joseph y 22235, Quaresma de sermones doctrinales, duplicados, para todos los Domingos, Miércoles y Viernes, y algunas otras ferias, con remissiones copiosas al Despertador Christiano de Sermones para los mismos días, 1688